000 00701nam a2200241Ia 4500
003 OSt
005 20220923221540.0
006 a|||||r|||| 00| 0
007 ta
008 RAJ
024 _a198,057
037 _cTextual
040 _aARTS
_cARTS
_bRAJ
041 _2RAJ
_aRAJ
082 _aO15281,1N41x, M7
100 _aप्रसाद, गोमती, विकल
245 0 _aरणमता सिंह
246 _aRaṇamatā sianha
260 _aदिल्ली
_b अंकुर प्रका0
_c1987
300 _a114पृ0
_ccm.
942 _hO15281,1N41x, M7
_cTEXL
_2CC
999 _c349927
_d349927